| 000 | 00527nam a2200181Ia 4500 | ||
|---|---|---|---|
| 008 | 151121s9999||||xx |||||||||||||| ||und|| | ||
| 082 | _a813/खानोल | ||
| 082 | _bHNW-54056 | ||
| 100 | _aखानोलकर चिं।त्र्यं | ||
| 245 | _aअजगर | ||
| 260 | _c-- | ||
| 300 | _a93 | ||
| 600 | _aखानोलकर चिं।त्र्यं | ||
| 630 | _aअजगर | ||
| 700 | _aखानोलकर चिं।त्र्यं | ||
| 730 | _aअजगर | ||
| 942 | _cBOOK | ||
| 999 |
_c1237433 _d1237430 |
||